| 000 | 01593cam a2200445 i 4500 | ||
|---|---|---|---|
| 001 | 200468080 | ||
| 003 | TR-AnTOB | ||
| 005 | 20260413145507.0 | ||
| 007 | ta | ||
| 008 | 260413r19741972enkabh bs 001 0 eng d | ||
| 020 |
_a014003837X _q(paperback) |
||
| 020 | _a9780140038378 | ||
| 020 | _a0091104009 | ||
| 020 | _a9780091104009 | ||
| 035 | _a(OCoLC)427071973 | ||
| 035 | _a(TR-AnTOB)200468080 | ||
| 040 |
_aLGG _beng _erda _cLGG _dBGZ _dTR-AnTOB |
||
| 041 | 0 | _aeng | |
| 043 |
_ae-uk--- _an-cn--- _an-us--- |
||
| 050 | 4 |
_aJV7618.N7 _bC6546 1974 |
|
| 090 |
_aJV7618.N7 _bC6546 1974 |
||
| 100 | 1 |
_aColeman, Terry, _d1931- _eauthor _4aut _9153602 |
|
| 245 | 1 | 0 |
_aPassage to America : _ba history of emigrants from Great Britain and Ireland to America in the mid-nineteenth century / _cTerry Coleman. |
| 264 | 1 |
_aHarmondsworth, Middlesex : _bPenguin Books, _c1974. |
|
| 300 |
_a377 pages : _billustrations, facsimiles, maps ; _c18 cm |
||
| 336 |
_atext _btxt _2rdacontent |
||
| 337 |
_aunmediated _bn _2rdamedia |
||
| 338 |
_avolume _bnc _2rdacarrier |
||
| 500 | _aIllus. on lining papers. | ||
| 500 | _aAmerican ed. published under title: Going to America. | ||
| 500 | _aReprint of 1972 edition. | ||
| 504 | _aBIBINDX | ||
| 651 | 0 |
_aGreat Britain _xEmigration and immigration _xHistory _9153603 |
|
| 651 | 0 |
_aIreland _xEmigration and immigration _xHistory _9153604 |
|
| 651 | 0 |
_aCanada _xEmigration and immigration _xHistory _9153605 |
|
| 651 | 0 |
_aUnited States _xEmigration and immigration _xHistory _9153606 |
|
| 942 |
_2lcc _cBK |
||
| 999 |
_c200468080 _d86292 |
||